[Event "AUTO-MASTER-387"]
[Site "http://www.queenalice.com/game.php?id=277732"]
[Date "2007.9.27"]
[Round "1"]
[White "ivofischer"]
[Black "alexsoncini"]
[Result "1-0"]
[WhiteElo "2091"]
[BlackElo "2004"]

1. d4 e5 2. dxe5 Nc6 3. Nf3 Qe7 4. g3 Nxe5 5. Bg2 Nf6 6. O-O d5 7. Nxe5 Qxe5 8.
Nc3 c6 9. e4 Nxe4 10. Re1 f5 11. Bf4 Qf6 12. f3 Bc5+ 13. Kh1 O-O 14. fxe4 fxe4
15. Nxd5 cxd5 16. Qxd5+ Kh8 17. Qxc5 Bf5 18. Bxe4 Bxe4+ 19. Rxe4 Rfc8 20. Qb5
Rxc2 21. Re8+ 1-0

[Event "AUTO-MASTER-387"]
[Site "http://www.queenalice.com/game.php?id=277737"]
[Date "2007.9.27"]
[Round "1"]
[White "salso"]
[Black "ivofischer"]
[Result "0-1"]
[WhiteElo "2107"]
[BlackElo "2158"]

1. e4 c5 2. d3 Nc6 3. Be3 e6 4. c3 d6 5. g3 Nf6 6. Bg2 Be7 7. f4 Qb6 8. Qb3 Qa6
9. Bf1 O-O 10. Nd2 Ng4 11. Bf2 b5 12. h3 Nxf2 13. Kxf2 e5 14. f5 g6 15. fxg6
hxg6 16. Ngf3 Be6 17. c4 Rab8 18. Qc3 Nd4 19. Nxd4 cxd4 20. Qc2 bxc4 21. dxc4
Qb6 22. Bd3 Qxb2 23. Rab1 Qxc2 24. Bxc2 Bg5 25. Ke2 Rxb1 26. Rxb1 Bxh3 27. Rb7
a5 28. Nb3 Bg4+ 29. Ke1 Kg7 30. Nxa5 Rh8 31. Bb3 Rh1+ 32. Kf2 Be3+ 33. Kg2 Rg1+
34. Kh2 Bf3 35. g4 Rg2+ 36. Kh3 Bf4 37. c5 Rh2# 0-1

[Event "AUTO-MASTER-387"]
[Site "http://www.queenalice.com/game.php?id=277738"]
[Date "2007.9.27"]
[Round "1"]
[White "ivofischer"]
[Black "salso"]
[Result "1-0"]
[WhiteElo "2110"]
[BlackElo "2050"]

1. d4 e5 2. dxe5 Nc6 3. Nf3 Qe7 4. g3 Nxe5 5. Bg2 c6 6. O-O Nxf3+ 7. exf3 d5 8.
Re1 Be6 9. Bf4 g5 10. Be5 f6 11. Bd4 c5 12. Bh3 Bxh3 13. Bxc5 O-O-O 14. Bxe7
Nxe7 15. Qd4 Nc6 16. Qxf6 Bb4 17. c3 Bc5 18. Qxg5 h5 19. Nd2 h4 20. g4 Bb6 21.
Rad1 d4 22. Nb3 Rdg8 23. Qf5+ Kb8 24. Nxd4 Nxd4 25. cxd4 Rf8 26. Qb5 Rhg8 27.
Re7 Bxg4 28. fxg4 Rxg4+ 29. Kf1 Rgf4 30. Qe5+ Bc7 31. Qxc7+ 1-0

[Event "AUTO-OPEN-830"]
[Site "http://www.queenalice.com/game.php?id=325096"]
[Date "2007.12.24"]
[Round "2"]
[White "nathanielfast"]
[Black "ivofischer"]
[Result "0-1"]
[WhiteElo "2062"]
[BlackElo "2173"]

1. c4 Nf6 2. g3 c6 3. Bg2 d5 4. Nf3 dxc4 5. Qc2 Qd5 6. O-O Bf5 7. Qa4 Qc5 8. Nc3
e5 9. b3 Nbd7 10. bxc4 e4 11. Nh4 Be6 12. d3 g5 13. Be3 Qb4 14. Bxg5 Qxc3 15.
Rfc1 Qa3 16. Qc2 Rg8 17. Bf4 exd3 18. exd3 Bd6 0-1

[Event "AUTO-OPEN-830"]
[Site "http://www.queenalice.com/game.php?id=325097"]
[Date "2007.12.24"]
[Round "2"]
[White "ivofischer"]
[Black "nathanielfast"]
[Result "1-0"]
[WhiteElo "2190"]
[BlackElo "2097"]

1. d4 Nf6 2. c4 c5 3. d5 e5 4. Nc3 d6 5. e4 Nbd7 6. Bd3 h5 7. Nf3 Be7 8. O-O Nf8
9. h3 h4 10. Bc2 Ng6 11. Ba4+ Bd7 12. Bxd7+ Qxd7 13. Qc2 Nh5 14. Ne2 a6 15. a4
O-O 16. a5 Rab8 17. Be3 b5 18. axb6 Rxb6 19. Ra2 Rfb8 20. Rfa1 Qb7 21. Bc1 Bf6
22. Nh2 Nhf4 23. Ng4 Bg5 24. Nc3 Kh7 25. Kh2 Bd8 26. Ne3 Ne7 27. Qd1 Kg8 28. Ra3
Ra8 29. Na4 Rb4 30. Bd2 Rxb2 31. Nxb2 Qxb2 32. Rxa6 1-0

[Event "AUTO-MASTER-387"]
[Site "http://www.queenalice.com/game.php?id=378467"]
[Date "2008.3.28"]
[Round "2"]
[White "aquiles88"]
[Black "ivofischer"]
[Result "0-1"]
[WhiteElo "2138"]
[BlackElo "2203"]

1. e4 c5 2. Nf3 e6 3. d4 cxd4 4. Nxd4 a6 5. c4 Nf6 6. Nc3 Bb4 7. Bd3 Nc6 8. Nxc6
dxc6 9. O-O e5 10. Qc2 O-O 11. a3 Bc5 12. b4 Bd4 13. c5 Nh5 14. g3 Qf6 15. Be2
Nf4 16. gxf4 exf4 17. Bf3 Bxc3 18. Rb1 Bh3 19. Rd1 Rfd8 20. Bxf4 Be5 21. Rxd8+
Rxd8 22. Bxe5 Qxf3 0-1

[Event "AUTO-MASTER-387"]
[Site "http://www.queenalice.com/game.php?id=378468"]
[Date "2008.3.28"]
[Round "2"]
[White "ivofischer"]
[Black "aquiles88"]
[Result "1/2-1/2"]
[WhiteElo "2222"]
[BlackElo "2125"]

1. d4 Nf6 2. c4 g6 3. Nc3 Bg7 4. e4 d6 5. f3 e5 6. Nge2 Nc6 7. d5 Ne7 8. Be3 c5
9. Qd2 h6 10. g4 h5 11. g5 Nd7 12. Bh3 O-O 13. Qd3 a6 14. a4 b6 15. O-O Rb8 16.
Rae1 Kh7 17. Rf2 Qc7 18. Kh1 Bb7 19. Ref1 Kg8 20. Bc1 Rbe8 21. b3 Bc8 22. Bd2
Nb8 23. Bxc8 Qxc8 24. Rg2 Nd7 25. Rfg1 a5 1/2-1/2

[Event "AUTO-OPEN-830"]
[Site "http://www.queenalice.com/game.php?id=390736"]
[Date "2008.4.20"]
[Round "3"]
[White "Pinone"]
[Black "ivofischer"]
[Result "1-0"]
[WhiteElo "2396"]
[BlackElo "2219"]

1. d4 Nf6 2. Bg5 d5 3. Bxf6 exf6 4. g3 Bd6 5. Bg2 O-O 6. Nd2 c6 7. Ngf3 Re8 8.
O-O Be6 9. b3 Nd7 10. c4 f5 11. e3 Bf8 12. c5 g6 13. b4 Bg7 14. a4 g5 15. b5 g4
16. Ne1 h5 17. Nd3 h4 18. Re1 h3 19. Bf1 Nf8 20. Nb4 Qd7 21. a5 cxb5 22. a6 Rec8
23. axb7 Qxb7 24. Ra5 Qc7 25. Qa1 Nd7 26. Rc1 Nb8 27. Bxb5 Bf6 28. Nb1 f4 29.
gxf4 Bd8 30. Ra3 a5 31. Nc3 Qe7 32. f5 Bxf5 33. Nbxd5 Qb7 34. Bc4 Be6 35. Rb1
Qd7 36. Rab3 1-0

[Event "AUTO-OPEN-830"]
[Site "http://www.queenalice.com/game.php?id=390737"]
[Date "2008.4.20"]
[Round "3"]
[White "ivofischer"]
[Black "Pinone"]
[Result "1/2-1/2"]
[WhiteElo "2216"]
[BlackElo "2358"]

1. d4 d5 2. c4 e6 3. Nc3 Nf6 4. cxd5 exd5 5. Bg5 Be7 6. e3 O-O 7. Bd3 Nbd7 8.
Qc2 Re8 9. Nf3 Nf8 10. O-O c6 11. h3 Ne4 12. Bf4 f5 13. Ne5 Bd6 14. f3 Nxc3 15.
bxc3 Qf6 16. Rae1 c5 17. g4 g5 18. Bh2 f4 19. exf4 gxf4 20. Qb3 c4 21. Qb5 Be6
22. Bf5 Rad8 23. Bxe6+ Rxe6 24. Qxd5 Bxe5 25. dxe5 Rxd5 26. exf6 Rxe1 27. Rxe1
Ng6 28. Re4 Rd1+ 29. Kf2 Rd2+ 30. Kg1 Rd1+ 31. Kf2 1/2-1/2

[Event "AUTO-ADV-658"]
[Site "http://www.queenalice.com/game.php?id=394781"]
[Date "2008.4.28"]
[Round "2"]
[White "GileCAR"]
[Black "ivofischer"]
[Result "0-1"]
[WhiteElo "1903"]
[BlackElo "2213"]

1. e4 c5 2. Nf3 e6 3. d4 cxd4 4. Nxd4 a6 5. Bd3 Nf6 6. O-O Qc7 7. Kh1 d5 8. Nc3
Bc5 9. Nb3 dxe4 10. Nxe4 Nxe4 11. Bxe4 Bd6 12. f4 Nd7 13. Be3 Nf6 14. Bd3 Bd7
15. c4 O-O 16. Rc1 Rfd8 17. Qe2 Ba4 18. Nd2 Rd7 19. Ne4 Be7 20. Ng5 Rad8 21. Bb1
Bc6 22. Qf2 Ng4 23. Bxh7+ Kf8 24. Qg3 Nxe3 25. Qxe3 Rd2 26. Be4 Bxe4 27. Nxe4
Rxb2 28. f5 Qc6 29. fxe6 Qxe6 30. Qf3 Rxa2 31. Rce1 Qxc4 32. Ng3 Qd5 33. Qg4
Qxg2# 0-1

[Event "AUTO-ADV-658"]
[Site "http://www.queenalice.com/game.php?id=394782"]
[Date "2008.4.28"]
[Round "2"]
[White "ivofischer"]
[Black "GileCAR"]
[Result "1-0"]
[WhiteElo "2220"]
[BlackElo "1899"]

1. d4 Nf6 2. c4 g6 3. Nc3 d5 4. cxd5 Nxd5 5. e4 Nxc3 6. bxc3 c5 7. Nf3 Bg7 8.
Be3 Nc6 9. Rc1 cxd4 10. cxd4 O-O 11. d5 Ne5 12. Nxe5 Bxe5 13. Bc4 b5 14. Bb3 a5
15. O-O a4 16. Bc2 e6 17. f4 Bg7 18. Bc5 Re8 19. d6 e5 20. f5 Bd7 21. fxg6 hxg6
22. Qf3 Rf8 23. Bd3 Rb8 24. a3 Rc8 25. Qe2 Qa5 26. Qf2 Qa6 27. Rc3 Qb7 28. Rb1
Rfd8 29. Rbc1 Bc6 30. Bb4 Bf8 31. Qf6 Bg7 32. Qg5 Bd7 33. Rc7 Qb8 34. h4 Be8 35.
Qe7 Bf8 36. Rxc8 1-0

[Event "AUTO-ADV-658"]
[Site "http://www.queenalice.com/game.php?id=394785"]
[Date "2008.4.28"]
[Round "2"]
[White "ivofischer"]
[Black "Constante"]
[Result "1-0"]
[WhiteElo "2199"]
[BlackElo "1916"]

1. d4 d5 2. c4 e6 3. Nc3 Bb4 4. Nf3 Nf6 5. Bg5 dxc4 6. e4 b5 7. a4 Bxc3+ 8. bxc3
h6 9. Bxf6 Qxf6 10. axb5 Bb7 11. Nd2 Qg6 12. Qf3 f5 13. exf5 Bxf3 14. fxg6 Bh5
15. g4 Bxg4 16. Bg2 O-O 17. Bxa8 1-0

[Event "AUTO-ADV-658"]
[Site "http://www.queenalice.com/game.php?id=394786"]
[Date "2008.4.28"]
[Round "2"]
[White "Constante"]
[Black "ivofischer"]
[Result "0-1"]
[WhiteElo "1922"]
[BlackElo "2212"]

1. e4 c5 2. Bc4 e6 3. Nc3 a6 4. a4 Nc6 5. Nf3 Nf6 6. d3 d5 7. exd5 exd5 8. Bb3
h6 9. O-O Be7 10. Bf4 O-O 11. Re1 Be6 12. Qd2 Nh5 13. Bg3 Nxg3 14. fxg3 c4 15.
Ba2 cxd3 16. cxd3 d4 17. Ne4 Bb4 18. Qd1 Bxa2 19. Rxa2 Bxe1 20. Nxe1 Rc8 21. b3
Nb4 22. Rf2 Nd5 23. Qa1 Ne3 24. h3 Qb6 25. Qb1 Qc6 26. Nd2 Qc1 27. Re2 Qxb1 28.
Nxb1 Rc1 29. Nd2 Rfc8 30. Kf2 Nd1+ 31. Kf3 Nc3 32. Re5 f6 0-1

[Event "AUTO-ELITE-249"]
[Site "http://www.queenalice.com/game.php?id=499158"]
[Date "2008.11.27"]
[Round "1"]
[White "Miraguaiov"]
[Black "ivofischer"]
[Result "1-0"]
[WhiteElo "2350"]
[BlackElo "2226"]

1. d4 Nf6 2. c4 g6 3. Nf3 Bg7 4. Nc3 d5 5. Bf4 O-O 6. e3 c5 7. dxc5 Qa5 8. Qa4
Qxc5 9. Rd1 Be6 10. Qb5 Qxb5 11. Nxb5 Na6 12. Ng5 Bg4 13. f3 Bd7 14. cxd5 h6 15.
Nh3 Nh5 16. d6 Bxh3 17. gxh3 Nxf4 18. exf4 exd6 19. Nxd6 Bxb2 20. Bc4 Nc5 21.
Kf2 Rad8 22. Rhe1 Bf6 23. Kg3 Kg7 24. Ne4 Bd4 25. Nxc5 Bxc5 26. a4 Bb4 27. Rg1
Bd2 28. f5 Rd4 29. Bb3 gxf5 30. Rg2 Rfd8 31. Kf2+ Kf6 32. Kf1 h5 33. Re2 h4 34.
Bc2 1-0

[Event "AUTO-ELITE-249"]
[Site "http://www.queenalice.com/game.php?id=499159"]
[Date "2008.11.27"]
[Round "1"]
[White "ivofischer"]
[Black "Miraguaiov"]
[Result "1/2-1/2"]
[WhiteElo "2222"]
[BlackElo "2341"]

1. d4 d5 2. c4 c6 3. Nf3 Nf6 4. Nc3 dxc4 5. a4 Bf5 6. e3 e6 7. Bxc4 Bb4 8. O-O
O-O 9. Qe2 Bg6 10. Ne5 Nbd7 11. Nxg6 hxg6 12. Rd1 Qa5 13. e4 Nb6 14. Bd3 Rad8
15. Be3 c5 16. dxc5 Bxc5 17. Bd2 Bb4 18. e5 Nfd5 19. Nxd5 Rxd5 20. Bf4 Rfd8 21.
Bg5 R8d7 22. Bb5 Rxd1+ 23. Rxd1 Rd5 24. Bd8 Rxd1+ 25. Qxd1 Bc5 26. Bc7 Qb4 27.
Bd6 1/2-1/2

[Event "AUTO-ELITE-249"]
[Site "http://www.queenalice.com/game.php?id=499164"]
[Date "2008.11.27"]
[Round "1"]
[White "Donidon"]
[Black "ivofischer"]
[Result "0-1"]
[WhiteElo "2364"]
[BlackElo "2215"]

1. e4 c5 2. Nf3 e6 3. d4 cxd4 4. Nxd4 a6 5. c4 Nf6 6. Nc3 Bb4 7. Qd3 Qc7 8. f3
Nc6 9. Bg5 Ne5 10. Qe2 b5 0-1

[Event "AUTO-ELITE-249"]
[Site "http://www.queenalice.com/game.php?id=499165"]
[Date "2008.11.27"]
[Round "1"]
[White "ivofischer"]
[Black "Donidon"]
[Result "0-1"]
[WhiteElo "2231"]
[BlackElo "2320"]

1. d4 Nf6 2. c4 b6 3. Nf3 Bb7 4. Nc3 e6 5. a3 d5 6. cxd5 exd5 7. g3 Be7 8. Bg2
O-O 9. O-O c5 10. Bf4 Nc6 11. Rc1 Rc8 12. Bh3 Ra8 13. Qc2 cxd4 14. Nb5 Ne4 15.
Bc7 Qe8 16. Nd6 Bxd6 17. Bxd6 Nxd6 0-1

[Event "AUTO-ELITE-503"]
[Site "http://www.queenalice.com/game.php?id=737364"]
[Date "2010.2.25"]
[Round "1"]
[White "josekasparov"]
[Black "ivofischer"]
[Result "1/2-1/2"]
[WhiteElo "2311"]
[BlackElo "2218"]

1. d4 Nf6 2. c4 g6 3. Nc3 d5 4. Qb3 dxc4 5. Qxc4 Bg7 6. Nf3 O-O 7. e4 a6 8. Bf4
b5 9. Qxc7 Qxc7 10. Bxc7 Bb7 11. e5 Nd5 12. Nxd5 Bxd5 13. Be2 Nc6 14. O-O Rfc8
15. Bb6 Rab8 16. Bc5 Nxe5 17. Nxe5 Bxe5 18. b4 Bf4 1/2-1/2

[Event "AUTO-ELITE-503"]
[Site "http://www.queenalice.com/game.php?id=737365"]
[Date "2010.2.25"]
[Round "1"]
[White "ivofischer"]
[Black "josekasparov"]
[Result "1-0"]
[WhiteElo "2221"]
[BlackElo "2324"]

1. d4 Nf6 2. c4 g6 3. Nc3 d5 4. cxd5 Nxd5 5. e4 Nxc3 6. bxc3 Bg7 7. Be3 c5 8.
Qd2 O-O 9. Nf3 cxd4 10. cxd4 b6 11. Rc1 Bb7 12. Bd3 Nc6 13. d5 Ne5 14. Nxe5 Bxe5
15. Bc4 Rc8 16. O-O Qd7 17. Rfd1 Qa4 18. Qe2 b5 19. Bxb5 Qxe4 20. f3 Qf5 21. Bc6
Rc7 22. g4 Qf6 23. Bxa7 Ra8 24. Bf2 Ra3 25. Bxb7 Rxb7 26. Rc6 Rb2 27. Qe4 Rxf2
28. Rxf6 1-0

[Event "AUTO-ELITE-503"]
[Site "http://www.queenalice.com/game.php?id=737370"]
[Date "2010.2.25"]
[Round "1"]
[White "ivofischer"]
[Black "Plis"]
[Result "1-0"]
[WhiteElo "2236"]
[BlackElo "2468"]

1. d4 Nf6 2. c4 c6 3. Nf3 d5 4. Nc3 dxc4 5. a4 Bf5 6. e3 e6 7. Bxc4 Nbd7 8. O-O
Bd6 9. Re1 Ne4 10. Bd3 Nxc3 11. bxc3 Bxd3 12. Qxd3 Qa5 13. e4 Nb6 14. e5 Be7 15.
Bg5 h6 16. Bxe7 Kxe7 17. Nd2 1-0

[Event "AUTO-ELITE-503"]
[Site "http://www.queenalice.com/game.php?id=737371"]
[Date "2010.2.25"]
[Round "1"]
[White "Plis"]
[Black "ivofischer"]
[Result "1-0"]
[WhiteElo "2416"]
[BlackElo "2255"]

1. e4 c5 2. Nf3 e6 3. d4 cxd4 4. Nxd4 a6 5. Nc3 b5 6. Bd3 Qb6 7. Nb3 Qc7 8. Qf3
Bb7 9. Qg3 Qxg3 10. hxg3 Nc6 11. Be3 Nf6 12. Nc5 Bc8 13. f3 Be7 14. O-O-O O-O
15. g4 d6 16. Nb3 Ne5 17. Be2 h6 18. g5 hxg5 19. Bxg5 Ra7 20. Rh3 Ng6 21. g3 Rc7
22. Kb1 Bb7 23. Bd3 Rfc8 24. Na5 Ba8 25. Rdh1 Bd8 26. Ne2 e5 27. Bxf6 Bxf6 28.
Nc3 Bg5 29. Nd5 Bxd5 30. exd5 Bh6 31. Nc6 Ne7 32. Nxe5 dxe5 33. d6 Rd7 34. dxe7
Rxe7 35. Rh4 Rc5 36. a4 Rd7 37. Rb4 Rdd5 38. Re4 Rd4 39. Rxd4 exd4 40. axb5 axb5
41. f4 b4 42. Ka2 Rc6 43. Rh5 g5 44. fxg5 Bf8 45. Kb3 Rc5 46. g4 Be7 47. Bf5 Rc6
48. Rh6 Rc5 49. g6 fxg6 50. Rxg6+ Kf7 51. Rb6 Rc7 52. Rb5 Kf6 53. Rd5 1-0